[Event "VIE-chT (Women)"]
[Site "Hanoi"]
[Date "2023.04.19"]
[Round "3"]
[White "Nguyen, Truong Minh Anh"]
[Black "Dam, Thi Thuy Hien"]
[Result "1-0"]
[WhiteElo "1977"]
[BlackElo "1963"]
[PlyCount "81"]
[EventDate "2023.04.18"]
[EventType "swiss"]
[EventRounds "9"]
[EventCountry "VIE"]
[SourceTitle "EXT 2024"]
[Source "ChessBase"]
[SourceDate "2023.10.10"]
[SourceVersion "1"]
[SourceVersionDate "2023.10.10"]
[SourceQuality "1"]

1. d4 Nf6 2. c4 g6 3. Nf3 Bg7 4. g3 c6 5. Bg2 d5 6. 0-0 dxc4 7. Na3 b5 8. Ne5 Bb7 9. Bf4 0-0 10. Rc1 a6 11. b3 cxb3 12. Qxb3 Nd5 13. Rc5 Nxf4 14. gxf4 Qxd4 15. Nd3 Nd7 16. Rc2 e5 17. Rd1 Qa4 18. Bxc6 Qxb3 19. axb3 Bxc6 20. Rxc6 exf4 21. Nxf4 Rfd8 22. Rcd6 Bf8 23. Rxd7 Rxd7 24. Rxd7 Bxa3 25. Nd5 Re8 26. Nf6+ Kf8 27. Nxe8 Kxe8 28. Ra7 b4 29. Rxa6 h5 30. e4 Bb2 31. Rb6 Bc3 32. Kg2 Ke7 33. Kf3 f6 34. Rb7+ Ke6 35. h4 g5 36. hxg5 fxg5 37. Rh7 h4 38. Kg4 Ke5 39. f3 Kf6 40. Rh6+ Ke5 41. Kxg5 1-0

[Event "VIE-ch U11 Girls"]
[Site "Ho Chi Minh City"]
[Date "2022.07.16"]
[Round "8"]
[White "Nguyen, Truong Minh Anh"]
[Black "Tran, Ngoc Linh Tram"]
[Result "1-0"]
[WhiteElo "2154"]
[BlackElo "2155"]
[PlyCount "171"]
[EventDate "2022.07.11"]
[EventType "swiss"]
[EventRounds "9"]
[EventCountry "VIE"]
[SourceTitle "EXT 2023"]
[Source "ChessBase"]
[SourceDate "2022.10.05"]
[SourceVersion "1"]
[SourceVersionDate "2022.10.05"]
[SourceQuality "1"]

1. d4 Nf6 2. c4 g6 3. Nf3 d5 4. g3 Bg7 5. Bg2 0-0 6. 0-0 Bf5 7. b3 Re8 8. Bb2 c6 9. Nbd2 Ne4 10. Rc1 Nd7 11. Ne1 Ndf6 12. f3 Nxd2 13. Qxd2 Qd6 14. Kh1 Rad8 15. c5 Qb8 16. Nd3 Nd7 17. e4 dxe4 18. fxe4 Bg4 19. Nf2 h5 20. Nxg4 hxg4 21. Qg5 Nf8 22. e5 Qc8 23. Rcd1 Nh7 24. Qe3 Qe6 25. Qf2 Rf8 26. Rfe1 f6 27. exf6 Qxf6 28. Qe2 Qf2 29. Qe6+ Qf7 30. Qxe7 Qxe7 31. Rxe7 Rf7 32. Re2 Rfd7 33. Red2 Nf6 34. h3 gxh3 35. Bxh3 Re7 36. Kg2 Rde8 37. Rf2 Ne4 38. Re2 Nf6 39. Rxe7 Rxe7 40. Rd2 Nd5 41. Kf2 Rf7+ 42. Ke1 Rf3 43. Be6+ Kf8 44. Rf2 Rxf2 45. Kxf2 b6 46. Bxd5 cxd5 47. cxb6 axb6 48. Ke3 Ke7 49. a4 Ke6 50. g4 Bf8 51. Bc3 Bd6 52. b4 Bc7 53. a5 g5 54. a6 Bb8 55. b5 Bf4+ 56. Kd3 Bb8 57. Bb4 Ba7 58. Kc3 Kd7 59. Kb3 Ke6 60. Ka4 Kd7 61. Bd2 Ke6 62. Bxg5 Kf7 63. Kb3 Kg6 64. Bd8 Kf7 65. Kc3 Ke6 66. Kd3 Kf7 67. Ke3 Kg6 68. Kf3 Kf7 69. Kf4 Ke6 70. Kg5 Kf7 71. Kh6 Kg8 72. g5 Kh8 73. g6 Kg8 74. g7 Kf7 75. Kh7 Ke6 76. g8Q+ Kf5 77. Qxd5+ Kf4 78. Qe5+ Kf3 79. Kg6 Kg4 80. Qf5+ Kg3 81. Bc7+ Kg2 82. Qf4 Kg1 83. Qd2 Kf1 84. Kf5 Kg1 85. Qe2 Kh1 86. Qh2# 1-0

[Event "VIE-ch U11 Girls"]
[Site "Ho Chi Minh City"]
[Date "2022.07.14"]
[Round "5"]
[White "Nguyen, Truong Minh Anh"]
[Black "Nguyen, Phuong Ly"]
[Result "1-0"]
[WhiteElo "2154"]
[BlackElo "2157"]
[PlyCount "85"]
[EventDate "2022.07.11"]
[EventType "swiss"]
[EventRounds "9"]
[EventCountry "VIE"]
[SourceTitle "EXT 2023"]
[Source "ChessBase"]
[SourceDate "2022.10.05"]
[SourceVersion "1"]
[SourceVersionDate "2022.10.05"]
[SourceQuality "1"]

1. d4 d5 2. Nf3 Nc6 3. g3 Bf5 4. Bg2 Nb4 5. Na3 e6 6. c3 Nc6 7. Nb1 Nf6 8. Nbd2 Bd6 9. b3 e5 10. dxe5 Bxe5 11. Nxe5 Nxe5 12. Bb2 c6 13. c4 Qd6 14. cxd5 Nxd5 15. Nc4 Nxc4 16. bxc4 Qb4+ 17. Kf1 Ne3+ 18. fxe3 Qxb2 19. e4 Be6 20. Kf2 Bxc4 21. Rb1 Qf6+ 22. Bf3 Ba6 23. Rb3 0-0 24. h4 Rfe8 25. Kg2 Rad8 26. Qc1 Qd4 27. Rb2 Re7 28. g4 Qc4 29. Qf4 Red7 30. g5 Qc3 31. Rhb1 Rd2 32. Rxd2 Qxd2 33. Qg4 Qxa2 34. Rd1 Rf8 35. Rd7 c5 36. h5 c4 37. g6 c3 38. gxh7+ Kxh7 39. e5 Qc4 40. Qf5+ Kg8 41. h6 Qh4 42. Be4 f6 43. Qh7# 1-0

[Event "VIE-ch U11 Girls"]
[Site "Ho Chi Minh City"]
[Date "2022.07.13"]
[Round "4"]
[White "Tran, Ngo Mai Linh"]
[Black "Nguyen, Truong Minh Anh"]
[Result "1-0"]
[WhiteElo "2170"]
[BlackElo "2154"]
[PlyCount "53"]
[EventDate "2022.07.11"]
[EventType "swiss"]
[EventRounds "9"]
[EventCountry "VIE"]
[SourceTitle "EXT 2023"]
[Source "ChessBase"]
[SourceDate "2022.10.05"]
[SourceVersion "1"]
[SourceVersionDate "2022.10.05"]
[SourceQuality "1"]

1. e4 c5 2. Nf3 d6 3. d4 cxd4 4. Nxd4 Nf6 5. Nc3 g6 6. Be3 Bg7 7. Be2 b6 8. f4 Bd7 9. e5 Nc6 10. exf6 Bxf6 11. Bf3 Rc8 12. Nxc6 Bxc6 13. Bxc6+ Rxc6 14. Bd4 e5 15. Be3 exf4 16. Bxf4 0-0 17. 0-0 Bg7 18. Qd5 Qd7 19. Rad1 Rd8 20. Bg5 Rf8 21. Bf6 Bxf6 22. Rxf6 Rd8 23. Rdf1 Rf8 24. Ne4 Rxc2 25. Rxg6+ Kh8 26. Qd4+ f6 27. Nxf6 1-0

[Event "VIE-ch U11 Girls"]
[Site "Ho Chi Minh City"]
[Date "2022.07.11"]
[Round "1"]
[White "Cong, Nu Bao An"]
[Black "Nguyen, Truong Minh Anh"]
[Result "0-1"]
[WhiteElo "2165"]
[BlackElo "2154"]
[PlyCount "82"]
[EventDate "2022.07.11"]
[EventType "swiss"]
[EventRounds "9"]
[EventCountry "VIE"]
[SourceTitle "EXT 2023"]
[Source "ChessBase"]
[SourceDate "2022.10.05"]
[SourceVersion "1"]
[SourceVersionDate "2022.10.05"]
[SourceQuality "1"]

1. d4 Nf6 2. c4 e6 3. Nc3 d5 4. Bg5 Be7 5. Nf3 Nbd7 6. e3 b6 7. Bd3 Bb7 8. 0-0 0-0 9. h3 c5 10. Qe2 Ne4 11. Bxe7 Qxe7 12. cxd5 exd5 13. Ba6 Ndf6 14. Bxb7 Qxb7 15. Na4 Rac8 16. Rac1 Rfe8 17. Qb5 c4 18. Ne5 Red8 19. Rfd1 Nd7 20. Nxd7 Rxd7 21. Rc2 Rd6 22. f3 Nf6 23. Kf2 Qe7 24. Qb4 Rcd8 25. Qd2 Qe6 26. Nc3 a6 27. a3 h5 28. h4 Re8 29. Ne2 Nh7 30. Nf4 Qe7 31. Rh1 g6 32. Rc3 Nf6 33. Qc2 b5 34. b3 Rc6 35. bxc4 Rxc4 36. Rxc4 Qxe3+ 37. Kg3 Ne4+ 38. Kh3 Qxf4 39. fxe4 Qe3+ 40. Kh2 dxc4 41. a4 Rxe4 0-1

[Event "VIE Cup (Women)"]
[Site "Hanoi"]
[Date "2021.??.??"]
[Round "2"]
[White "Vo, Mai Truc"]
[Black "Nguyen, Truong Minh Anh"]
[Result "1-0"]
[WhiteElo "1753"]
[BlackElo "2358"]
[PlyCount "73"]
[EventDate "2021.05.03"]
[EventType "swiss"]
[EventRounds "9"]
[EventCountry "VIE"]
[SourceTitle "EXT 2022"]
[Source "ChessBase"]
[SourceDate "2021.10.06"]
[SourceVersion "1"]
[SourceVersionDate "2021.10.06"]
[SourceQuality "1"]

1. d4 d5 2. Nf3 Nf6 3. Bf4 Nc6 4. e3 a6 5. c4 e6 6. Nc3 Be7 7. Bd3 dxc4 8. Bxc4 b5 9. Be2 Bb7 10. Rc1 0-0 11. 0-0 Rc8 12. h3 Bd6 13. Bg5 Be7 14. Bxf6 Bxf6 15. Ne4 Be7 16. Nc5 Bxc5 17. Rxc5 Qe7 18. a4 Na7 19. axb5 axb5 20. Qc2 c6 21. Ra1 Ba8 22. Ne5 f6 23. Nd3 Rc7 24. Nb4 Rfc8 25. Rc1 Qd6 26. Bf3 g6 27. Qc3 Kf7 28. e4 Rd8 29. d5 e5 30. dxc6 Qe6 31. Bg4 f5 32. exf5 gxf5 33. Rxe5 Qh6 34. Rxf5+ Kg8 35. Rf6 Qg5 36. Be6+ Kh8 37. Rf8# 1-0